Clarence Rhett, or, The cruise of a privateer : an American sea story /

Bibliographic Details
Main Author: Buntline, Ned, 1822 or 1823-1886
Format: Microform Book
Language:English
Published: New York : F. A. Brady, [1866]

MARC

Tag First Indicator Second Indicator Subfields
LEADER 00000cam a2200000 a 4500
001 in00000756313
005 20151016160954.0
007 hd afa014baca
008 760412s1866 ctu a 00000 eng d
035 |a (OCoLC)02107172 
035 |9 ADJ1313AM 
040 |a JNA  |c JNA  |d LWS  |d UtOrBLW 
049 |a TXAI 
090 |a PZ1  |b .A34 v.2, no.1418 
090 |a PS15 
099 |a film  |a B  |a 1551 
100 1 |a Buntline, Ned,  |d 1822 or 1823-1886. 
245 1 0 |a Clarence Rhett, or, The cruise of a privateer :  |b an American sea story /  |c by Ned Buntline. 
264 1 |a New York :  |b F. A. Brady,  |c [1866] 
264 4 |c ©1866 
300 |a 78 pages 
336 |a text  |b txt  |2 rdacontent 
337 |a microform  |b h  |2 rdamedia 
338 |a microfilm reel  |b hd  |2 rdacarrier 
533 |a Microfilm.  |b Woodbridge, Conn. :  |c Research Publications,  |d 1970-1978.  |e 1 microfilm reel ; 35 mm.  |f (Wright American fiction ; v. 2 (1851-1875), reel J-11, no. 1418) 
500 |a Microform. 
999 |a MARS 
999 f f |s 2b2c8065-1cb2-361f-94aa-26f2f2edd724  |i 30f0ce69-8652-37a5-9f09-6b988322e032  |t 0 
952 f f |p default  |a Texas A&M University  |b College Station  |c Sterling C. Evans Library  |d Evans: Microforms (3rd floor)  |t 0  |e film B 1551 v.2 reel J-11 no.1418  |h Other scheme  |i microform -- microfilm reel 
998 f f |a film B 1551 v.2 reel J-11 no.1418  |t 0  |l Evans: Microforms (3rd floor)